| 000 | 00632nam a2200229Ia 4500 | ||
|---|---|---|---|
| 003 | OSt | ||
| 005 | 20221005121559.0 | ||
| 006 | a|||||r|||| 00| 0 | ||
| 007 | ta | ||
| 008 | 221004b |||||||| |||| 00| 0 eng d | ||
| 024 | _a55698 | ||
| 037 | _cTextual | ||
| 040 |
_aCRL _cCRL _beng |
||
| 041 |
_2eng _aeng |
||
| 082 | _aV2:1z7, J3.2 | ||
| 100 | _aElliot H M | ||
| 245 | 0 |
_aHistory of India _b As told by its own Historians ther Muhammadan periods the posthumous papers ed by John Dowson |
|
| 260 | _c1953 | ||
| 650 | _aHISTORY | ||
| 942 |
_hV2:1z7, J3.2 _cTEXL _2cc |
||
| 999 |
_c1041608 _d1041608 |
||